Planetárium v Bratislave

Enregistré dans:
Détails bibliographiques
Auteur principal: Hanzl, Jakub (Auteur)
Autres auteurs: Kiabová, Ema (Directeur de thèse)
Format: Manuscrit Livre
Langue:slovaque
Publié: 2018
Sujets:
Accès en ligne:http://is.stuba.sk/zp/portal_zp.pl?podrobnosti=142763
https://opac.crzp.sk/?fn=detailBiblioForm&sid=CB745B58B0F7E53C0059C16F3E25
Tags: Ajouter un tag
Pas de tags, Soyez le premier à ajouter un tag!

MARC

LEADER 00000ntm a22000003a 4500
001 stuzp68297
003 SK-STU
005 20230620103345.7
007 ta
008 150427s2015----xo-----f-mn---000-0-slo-d
040 |a STU  |b slo 
041 0 |a slo 
100 1 |a Hanzl, Jakub  |u 010310  |4 aut  |U SvF Stavebná fakulta  |T SvF Katedra architektúry  |X 75848  |U V181|V310  |Y 19  |7 75848 
242 0 1 |a Planetarium in Bratislava  |y eng 
245 1 0 |a Planetárium v Bratislave 
260 |c 2018 
650 4 |a veda  |2 slo 
650 4 |a vesmír  |2 slo 
650 4 |a planetárium  |2 slo 
650 4 |a science  |2 eng 
650 4 |a space  |2 eng 
650 4 |a planetarium  |2 eng 
700 1 |a Kiabová, Ema  |u 010310  |k Z3  |4 ths  |U SvF Stavebná fakulta  |T SvF Katedra architektúry  |X 7888  |U V181|V310  |Y 19  |7 A000007888 
856 4 |u http://is.stuba.sk/zp/portal_zp.pl?podrobnosti=142763 
856 4 |u https://opac.crzp.sk/?fn=detailBiblioForm&sid=CB745B58B0F7E53C0059C16F3E25